| 000 | 00921nam a22003017a 4500 | ||
|---|---|---|---|
| 001 | 7909 | ||
| 003 | FISKH | ||
| 005 | 20250813121903.0 | ||
| 008 | 250813b cb ||||| |||| 00| 0 eng d | ||
| 020 | _a9780516246765 | ||
| 040 |
_aFISKH _beng _cFISKH _dFISKH |
||
| 050 | _aPZ8.G3275 W | ||
| 082 | _a543 | ||
| 100 | _aE.Gerver, Jane | ||
| 245 |
_aWait for me / _cWritten by Jane E.Gerver ; Illustrated by Mick Reid |
||
| 250 | _aThis edition first published in 2004 | ||
| 260 |
_aNew York : _bChildrenPress, _c2004 |
||
| 300 |
_a31 pages : _bcolor illustrations ; _c21 cm |
||
| 505 | _aC | ||
| 520 | _aNo one will wait for a little boy who is always late until he finds a friend who is late too. | ||
| 521 | 8 |
_a100
_bLexile |
|
| 521 | 8 |
_aC
_bRaz-Plus |
|
| 650 |
_2Easy read _aPicture book |
||
| 650 |
_2School _aTardiness |
||
| 700 |
_aReid, Mick _dillustrator |
||
| 942 |
_2ddc _cBK _n0 |
||
| 999 |
_c7909 _d7909 |
||